[Event "Santo Domingo op"]
[Site "Santo Domingo"]
[Date "2006.11.04"]
[Round "7"]
[White "Gomez, Jose3333"]
[Black "Perez, Melvin"]
[Result "1/2-1/2"]
[WhiteElo "2105"]
[BlackElo "2035"]
[PlyCount "142"]
[EventDate "2006.10.31"]
[EventType "swiss"]
[EventRounds "9"]
[EventCountry "DOM"]
[SourceTitle "EXT 2007"]
[Source "ChessBase"]
[SourceDate "2006.11.23"]
[SourceVersion "1"]
[SourceVersionDate "2006.11.23"]
[SourceQuality "1"]

1. d4 Nf6 2. c4 e6 3. a3 b6 4. Nc3 Bb7 5. Bg5 Be7 6. Qc2 d5 7. Nf3 0-0 8. e3 Nbd7 9. cxd5 Nxd5 10. Bxe7 Qxe7 11. Nxd5 Bxd5 12. Bd3 Nf6 13. e4 Bb7 14. e5 Nd5 15. Bxh7+ Kh8 16. Be4 Rac8 17. 0-0 c5 18. Qd2 Rfd8 19. Rac1 cxd4 20. Rxc8 Rxc8 21. Qxd4 Nf4 22. Qe3 g5 23. Nxg5 Qxg5 24. Bxb7 Rc2 25. Kh1 Rxb2 26. g3 Nh3 27. Qxg5 Nxg5 28. h4 Nh7 29. a4 Nf8 30. Bc6 Ng6 31. f4 Ne7 32. Be4 Re2 33. Bf3 Ra2 34. Bd1 Nf5 35. g4 Ng3+ 36. Kg1 Nxf1 37. Kxf1 a6 38. f5 exf5 39. gxf5 Kg7 40. h5 b5 41. axb5 axb5 42. f6+ Kh6 43. Bb3 Ra7 44. e6 fxe6 45. Bxe6 Kxh5 46. f7 Ra8 47. Bd7 Rf8 48. Ke2 Kg6 49. Be8 Kg7 50. Kd3 Rh8 51. Kc3 Rh4 52. Kb3 Kf8 53. Ka3 Ke7 54. Bxb5 Kxf7 55. Ka2 Ke6 56. Ka1 Kd5 57. Bd3 Kd4 58. Bc2 Kc3 59. Bb1 Kb3 60. Ba2+ Ka3 61. Bb1 Ra4 62. Bc2 Ra5 63. Bd1 Kb4+ 64. Kb1 Kc3 65. Bg4 Ra6 66. Bf3 Rf6 67. Be4 Rf4 68. Bg6 Kb3 69. Bc2+ Ka3 70. Ka1 Rf1+ 71. Bb1 Kb4 1/2-1/2

[Event "Santo Domingo op"]
[Site "Santo Domingo"]
[Date "2006.11.02"]
[Round "4"]
[White "Perez, Melvin"]
[Black "Velez Espiritusantos, Brunildo E"]
[Result "0-1"]
[WhiteElo "2035"]
[BlackElo "2218"]
[PlyCount "102"]
[EventDate "2006.10.31"]
[EventType "swiss"]
[EventRounds "9"]
[EventCountry "DOM"]
[SourceTitle "EXT 2007"]
[Source "ChessBase"]
[SourceDate "2006.11.23"]
[SourceVersion "1"]
[SourceVersionDate "2006.11.23"]
[SourceQuality "1"]

1. e4 c6 2. d4 d5 3. Nc3 dxe4 4. Nxe4 Nf6 5. Nxf6+ exf6 6. Nf3 Bb4+ 7. c3 Bd6 8. Bd3 0-0 9. Be3 Bg4 10. h3 Bh5 11. g4 Bg6 12. Qc2 Bxd3 13. Qxd3 Bc7 14. 0-0-0 Qd5 15. Nh4 Qxa2 16. g5 Nd7 17. gxf6 Nxf6 18. Nf5 Nd5 19. Rdg1 g6 20. h4 Kh8 21. Nh6 Rae8 22. h5 Nf4 23. Bxf4 Bxf4+ 24. Kc2 Qe6 25. hxg6 fxg6 26. Re1 Qd7 27. Rxe8 Rxe8 28. Qf3 Bxh6 29. Rxh6 Qe7 30. Kd3 Kg7 31. Rh1 Rf8 32. Qe3 Qf7 33. Rh3 Kg8 34. Rh2 Re8 35. Qh3 b5 36. b3 a5 37. f4 a4 38. bxa4 Qc4+ 39. Kc2 Qa2+ 40. Kd3 Qb1+ 41. Kd2 Qe1+ 42. Kd3 Qe4+ 43. Kd2 Qxf4+ 44. Kc2 Qf7 45. d5 bxa4 46. d6 Qa2+ 47. Kd1 Qb1+ 48. Kd2 Qe1+ 49. Kd3 Qd1+ 50. Rd2 Qb1+ 51. Kd4 Re4+ 0-1

[Event "Santo Domingo op"]
[Site "Santo Domingo"]
[Date "2006.10.31"]
[Round "1"]
[White "Montalvo Rosario, Alejandro"]
[Black "Perez, Melvin"]
[Result "1-0"]
[WhiteElo "2218"]
[BlackElo "2035"]
[PlyCount "41"]
[EventDate "2006.10.31"]
[EventType "swiss"]
[EventRounds "9"]
[EventCountry "DOM"]
[SourceTitle "EXT 2007"]
[Source "ChessBase"]
[SourceDate "2006.11.23"]
[SourceVersion "1"]
[SourceVersionDate "2006.11.23"]
[SourceQuality "1"]

1. d4 Nf6 2. c4 e6 3. Nc3 b6 4. e4 Bb4 5. Bd3 Bxc3+ 6. bxc3 d5 7. cxd5 exd5 8. e5 Ne4 9. Ne2 0-0 10. h4 Nxf2 11. Kxf2 f6 12. exf6 Qxf6+ 13. Nf4 c5 14. Qh5 g6 15. Qxd5+ Be6 16. Qxa8 cxd4 17. g3 dxc3 18. Qe4 Nd7 19. Be3 Qf7 20. Kg2 Bf5 21. Qc4 1-0